000 00311nam a22001337a 4500
003 SGT
082 _a616.89
_bC09S
100 _aSADOCK, BENJAMIN
245 _aCONCISE TB. OF CHILD & ADOLESCENT PSYCHIATRY
260 _aINDIA
_bWOLTERS
_c2009
300 _a236
650 _aPSYCHIATRY
942 _2ddc
_cBK
_02
999 _c14532
_d14532